000 00383nam a22001697a 4500
003 OSt
005 20211229104308.0
008 211229b |||||||| |||| 00| 0 eng d
020 _a9788120327931
040 _cHU
082 _a005.133
100 _aHansen I. Henrik
_925968
245 _aC= Precisely
260 _aNew Delhi
_bNew Delhi
300 _f204
942 _2ddc
_cBOOKS
_n0
999 _c24886
_d24886